000 00906nam a2200277Ia 4500
003 OSt
005 20221006153414.0
006 a|||||r|||| 00| 0
007 ta
008 221006b |||||||| |||| 00| 0 eng d
020 _a9780520254176
_c2231.00 (each)
024 _a32,240
037 _bGift, Prof. Sonoko Hijikata
_cTextual
040 _aEASL
_cEASL
_beng
041 _2eng
_aeng
082 _aM143v42.M, P6;1
100 _aBERRY Mary Elizabeth
_9646911
245 0 _aJapan in print
_b Information and nation in the early modern period
260 _aBerkeley
_bUniversity of California Press
_c2006
300 _a325p.
_ccm.
490 _v JEL
_aAsia: Global Studies/Global themes
650 _a JEL
650 _aPrinting - Japan - History
_9663745
942 _hM143v42.M, P6;1
_cTEXL
_2CC
999 _c1100326
_d1100326